Statistics for River Plate Best Scorer By Year

Click here to take the quiz!

General Stats

  • This quiz has been taken 167 times
    (16 since last reset)
  • The average score is 8 of 28

Answer Stats

Player% Correct
Julián Álvarez
75%
Hernán Crespo
63%
Miguel Borja
56%
Radamel Falcao
56%
Enzo Francescoli
44%
Fernando Cavenaghi
44%
Ignacio Scocco
38%
Javier Saviola
38%
Lucas Alario
38%
Rafael Santos Borré
38%
Marcelo Salas
31%
Antonio Alzamendi
25%
Diego Buonanotte
25%
Diego Buonanotte
25%
Lucas Beltrán
25%
Manuel Lanzini
25%
Ramón Díaz
25%
Daniel Passarella
19%
Ernesto Farías
19%
Mariano Pavone
19%
Jorge da Silva
13%
Juan Quintero
13%
Lucho González
13%
Ramón Medina Bello
13%
Rubén da Silva
13%
Sebastián Driussi
13%
Luis Amuchástegui
6%
Martín Cardetti
6%

Score Distribution

Percentile by Number Answered

Percent of People with Each Score

Your Score History

You have not taken this quiz since the last reset